La invención del 98 y otros ensayos

Збережено в:
Бібліографічні деталі
Автор: Gullón, Ricardo
Формат: Книга
Мова:Undetermined
Опубліковано: Madrid, España Gredos 1969
Предмети:
Теги: Додати тег
Немає тегів, Будьте першим, хто поставить тег для цього запису!

MARC

LEADER 00000nam a2200000Ia 4500
008 170316s9999 xx 000 0 und d
040 |a cru BVZT 
090 |a C-862 G-8i 
100 |a Gullón, Ricardo 
245 |a La invención del 98 y otros ensayos 
260 |a Madrid, España 
260 |b Gredos 
260 |c 1969 
300 |a 198 páginas 
650 |a LITERATURA ESPAÑOLA 
650 |a CRÍTICA 
999 |c 13142  |d 13142 
942 |c 15 D  |h C-862 G-8i  |2 z